000 00493nam a2200145Ia 4500
008 200626s9999 xx 000 0 und d
020 _a978-0-324-58115-7
100 _aSlocum, Jr., John W.
245 _cJohn W. Slocum, Jr., Don Hellriegel.--
_aPrinciples of organizational behavior/
250 _a12th ed.
260 _aBrazil:
_bSouth-Western Cengage Learning
_c2009
300 _axxix, 550 pages
500 _aIncludes Appendix, References, and Index
650 _aOrganizational behavior.
999 _c363786
_d363786